Reed's motor engineering knowledge for marine engineers (Record no. 4193)

000 -LEADER
fixed length control field 00399nam a2200157Ia 4500
008 - FIXED-LENGTH DATA ELEMENTS--GENERAL INFORMATION
fixed length control field 200103s9999||||xx |||||||||||||| ||und||
020 ## - INTERNATIONAL STANDARD BOOK NUMBER
International Standard Book Number 9780713669473,
082 ## - DEWEY DECIMAL CLASSIFICATION NUMBER
Classification number Column-9
100 ## - MAIN ENTRY--PERSONAL NAME
Personal name Morton, Thomas D.
245 #0 - TITLE STATEMENT
Title Reed's motor engineering knowledge for marine engineers
250 ## - EDITION STATEMENT
Edition statement Vol. 12
260 ## - PUBLICATION, DISTRIBUTION, ETC. (IMPRINT)
Name of publisher, distributor, etc Adlard Coles Nautical
Date of publication, distribution, etc 2006
300 ## - PHYSICAL DESCRIPTION
Extent 299
942 ## - ADDED ENTRY ELEMENTS (KOHA)
Item type Books
Holdings
Withdrawn status Lost status Source of classification or shelving scheme Damaged status Not for loan Collection code Permanent location Current location Shelving location Date acquired Total Checkouts Barcode Date last seen Date last borrowed Koha item type Public note
          Non-fiction IMU-MPC Library IMU-MPC Library General Stacks 2020-01-08 1 LBS12762 2023-03-16 2022-06-02 Books Column - 34
Copyright © 2021 Indian Maritime University, Mumbai Port Campus. All Rights Reserved. Managed & Maintained by Central Library, IMU-Mumbai

webs counters

Powered by Koha